beliebtestes Essen aus verschiedenen Ländern - Statistiken

Allgemein
  • Dieses Quiz wurde 505 mal gespielt
  • Das Durchschnittsergebnis liegt bei 7 aus 15
Antwortstatistiken
Land Antwort % Korrekt
Italien Pizza
100%
USA Hot Dog/ Burger
96%
Japan Sushi
80%
Greichenland Gyros
62%
Mexiko Taco
61%
Frankreich Baguette
58%
Belgien Pommes frites
58%
Spanien Paella
55%
Schweiz Fondue
48%
Deutschland Bratwurst
42%
Türkei Kebab
28%
Schweden Köttbullar
21%
Russland Borschtsch
6%
Indien Chicken Tikka Masala
6%
Indonesien Nasi Goreng
6%
Keine übereinstimmenden Quizze gefunden
Verteilung der Resultate
Anzahl Personen mit jedem Resultat
Perzentil nach korrekt beantworteten Fragen
Ihre Resultats-Entwicklung
Sie haben dieses Quiz noch nicht gespielt